000 00898nam a22002657a 4500
001 BR8702274
003 BR-BrBNA
005 20230928092447.0
007 ta
008 230509b bl.||||| |||| 00| 0 por d
040 _aBR-BrBNA
_bpor
_cBiblioteca Nacional de Agricultura
041 _a(Por)
072 _aM01
_b/G514
090 _ M01 BR8702274
100 1 _aLago, P.F. de A.
110 1 _aInstituto Brasileiro de Geografia e Estatistica, Rio de Janeiro, RJ (Brasil)
_95785
245 1 _aContribuicao geografica ao estudo da pesca em Santa Catarina [Brasil]
260 3 _aRio de Janeiro, RJ (Brasil):
_c1961.
300 _a95 p.
500 _a39 illus.; 24 ref. (*) Documento disponível na(o) Associacao de Credito e Assistencia Rural de Santa Catarina, Florianopolis (Brazil)
650 _aPESCA
650 _aSANTA CATARINA
909 _a202309
_bLucia
_c55
_dLucia Elande
942 _cBK
999 _c39200
_d39200